[Event "EUR-ch Seniors 50"]
[Site "Prague"]
[Date "2021.09.02"]
[Round "4.4"]
[White "Kozak, Karel"]
[Black "Konopka, Michal"]
[Result "0-1"]
[WhiteElo "1859"]
[BlackElo "2368"]
[PlyCount "36"]
[EventDate "2021.08.30"]
[EventType "team-tourn"]
[EventRounds "9"]
[EventCountry "CZE"]
[SourceTitle "CBM 204 Extra"]
[Source "ChessBase"]
[SourceDate "2021.11.30"]
[SourceVersion "1"]
[SourceVersionDate "2021.11.30"]
[SourceQuality "1"]
[WhiteTeam "Udlice Sokol 50"]
[BlackTeam "Czech Republic 50"]
[WhiteTeamCountry "CZE"]
[BlackTeamCountry "CZE"]

1. e4 Nf6 2. Nc3 d5 3. exd5 Nxd5 4. Nxd5 Qxd5 5. Qf3 Be6 6. Qxd5 Bxd5 7. c4 Bc6 8. d4 e6 9. Bd2 Nd7 10. f3 b6 11. 0-0-0 0-0-0 12. b4 Ba4 13. Re1 Nb8 14. Bc3 Nc6 15. a3 Nxd4 16. Re4 Nb5 17. Bd2 Nxa3 18. Ne2 Nb1 0-1

[Event "EUR-ch Seniors 50"]
[Site "Prague"]
[Date "2021.09.01"]
[Round "3.4"]
[White "Vodicka, Pavel"]
[Black "Kozak, Karel"]
[Result "1-0"]
[WhiteElo "1915"]
[BlackElo "1859"]
[PlyCount "123"]
[EventDate "2021.08.30"]
[EventType "team-tourn"]
[EventRounds "9"]
[EventCountry "CZE"]
[SourceTitle "CBM 204 Extra"]
[Source "ChessBase"]
[SourceDate "2021.11.30"]
[SourceVersion "1"]
[SourceVersionDate "2021.11.30"]
[SourceQuality "1"]
[WhiteTeam "Pardubice Bohemia 50"]
[BlackTeam "Udlice Sokol 50"]
[WhiteTeamCountry "CZE"]
[BlackTeamCountry "CZE"]

1. d4 Nf6 2. c4 d6 3. Nc3 g6 4. e4 Bg7 5. Nf3 0-0 6. Be2 c6 7. 0-0 Qb6 8. Qc2 Na6 9. a3 Qc7 10. h3 e5 11. dxe5 dxe5 12. Be3 Rd8 13. Rfd1 Be6 14. Ng5 Bd7 15. c5 h6 16. Nf3 b5 17. cxb6 axb6 18. Na4 b5 19. Bb6 Qb7 20. Bxd8 bxa4 21. Bxa6 Rxa6 22. Rac1 Be6 23. Rd6 Bb3 24. Qe2 Ne8 25. Rd3 Qb5 26. Re3 Qb7 27. Nd2 Be6 28. Rec3 Ra8 29. Qd3 Rc8 30. Ba5 Bf6 31. Nc4 Qa6 32. Nd6 Qxd3 33. Rxd3 Nxd6 34. Rxd6 c5 35. Bc3 Kg7 36. Ra6 Bb3 37. f4 Re8 38. g3 g5 39. fxe5 Bxe5 40. Bxe5+ Rxe5 41. Re1 h5 42. g4 hxg4 43. hxg4 Kf8 44. Ra7 Ke8 45. Kf2 Kf8 46. Kf3 Kg7 47. Rc1 c4 48. Ke3 Re8 49. Ra5 Kg6 50. Kd4 Re6 51. e5 f5 52. Rd5 c3 53. Rxc3 Bxd5 54. Kxd5 Rb6 55. gxf5+ Kxf5 56. Rf3+ Kg4 57. Rf1 Rxb2 58. e6 Rb3 59. Re1 Rd3+ 60. Ke5 Rd8 61. e7 Ra8 62. Rd1 1-0

[Event "WchT Seniors 50"]
[Site "Prague"]
[Date "2020.03.10"]
[Round "5.22"]
[White "Grant, Glynis"]
[Black "Kozak, Karel"]
[Result "0-1"]
[WhiteElo "1249"]
[BlackElo "1856"]
[PlyCount "74"]
[EventDate "2020.03.06"]
[EventType "team-swiss"]
[EventRounds "7"]
[EventCountry "CZE"]
[SourceTitle "CBM 195 Extra"]
[Source "ChessBase"]
[SourceDate "2020.05.31"]
[SourceVersion "1"]
[SourceVersionDate "2020.05.31"]
[SourceQuality "1"]
[WhiteTeam "Scotland 50 II"]
[BlackTeam "Czech Republic 50 XI"]
[WhiteTeamCountry "SCO"]
[BlackTeamCountry "CZE"]

1. e4 e6 2. d4 d5 3. exd5 exd5 4. Nf3 Bd6 5. Be2 Nf6 6. Bg5 h6 7. Bh4 0-0 8. 0-0 Re8 9. c4 Be7 10. Nc3 c6 11. c5 Nbd7 12. b4 Nh7 13. Bg3 Bf6 14. b5 Nxc5 15. bxc6 bxc6 16. dxc5 Bxc3 17. Rb1 Qe7 18. Bd3 Ng5 19. Nxg5 Qxg5 20. Qc2 Qf6 21. Bh7+ Kh8 22. Bd3 g6 23. Rb3 d4 24. Rbb1 Kg7 25. Bd6 Be6 26. f4 Bd5 27. Rb7 Qe6 28. Be5+ Kg8 29. Qf2 Rad8 30. Qg3 a5 31. a4 h5 32. Qg5 Qg4 33. Qxg4 hxg4 34. Bd6 Re3 35. Ba6 d3 36. f5 Re2 37. fxg6 Rxg2+ 0-1

[Event "WchT Seniors 50"]
[Site "Prague"]
[Date "2020.03.08"]
[Round "3.13"]
[White "Arndt, Olaf"]
[Black "Kozak, Karel"]
[Result "1-0"]
[WhiteElo "1887"]
[BlackElo "1856"]
[PlyCount "151"]
[EventDate "2020.03.06"]
[EventType "team-swiss"]
[EventRounds "7"]
[EventCountry "CZE"]
[SourceTitle "CBM 195 Extra"]
[Source "ChessBase"]
[SourceDate "2020.05.31"]
[SourceVersion "1"]
[SourceVersionDate "2020.05.31"]
[SourceQuality "1"]
[WhiteTeam "Germany 50 VI"]
[BlackTeam "Czech Republic 50 XI"]
[WhiteTeamCountry "GER"]
[BlackTeamCountry "CZE"]

1. e4 d6 2. d4 g6 3. Nc3 Bg7 4. h3 c6 5. Nf3 Nf6 6. Bd3 0-0 7. 0-0 Nfd7 8. a4 a5 9. Ne2 Na6 10. c3 e5 11. Bg5 Qe8 12. Qd2 exd4 13. cxd4 Nb4 14. Bc4 Nb6 15. Bb3 Be6 16. d5 cxd5 17. exd5 Bxd5 18. Bxd5 N6xd5 19. Nc3 Nb6 20. b3 Qd7 21. Rad1 d5 22. Be3 Rfc8 23. Bd4 Qd6 24. Nb5 Qd8 25. Bxg7 Kxg7 26. Qd4+ Qf6 27. Nd6 Qxd4 28. Nxd4 Rc7 29. Rfe1 Kf8 30. Re2 Rd7 31. N6b5 Nc6 32. Rc1 Nxd4 33. Nxd4 Rc8 34. Rec2 Ra8 35. Rc7 Ke7 36. Re1+ Kd8 37. Rc5 Nc8 38. Re5 Ne7 39. Rc3 Ra6 40. Rce3 Rb6 41. Nb5 f6 42. Re6 Rxe6 43. Rxe6 f5 44. Rf6 Nc6 45. Rf8+ Ke7 46. Rc8 d4 47. Kf1 Ke6 48. Ke2 Kd5 49. Kd3 Kc5 50. Na7 Kd5 51. Nxc6 bxc6 52. Ra8 Rb7 53. Rxa5+ c5 54. Kc2 g5 55. Ra8 d3+ 56. Kc3 d2 57. Rd8+ Ke4 58. Rxd2 h5 59. a5 Ra7 60. Ra2 Kd5 61. a6 h4 62. Ra4 Kc6 63. g3 hxg3 64. fxg3 Kb6 65. h4 f4 66. hxg5 fxg3 67. Rg4 Kxa6 68. g6 Rg7 69. Kc4 Kb6 70. Rxg3 Kc6 71. Rg5 Kb6 72. Kd5 Kb5 73. Ke6 Rg8 74. g7 Kb4 75. Kf7 Rxg7+ 76. Kxg7 1-0

[Event "Calvia Amateur op 15th"]
[Site "Calvia"]
[Date "2018.10.09"]
[Round "4"]
[White "Kozak, Karel"]
[Black "Galiana Salom, Juan Ramon"]
[Result "0-1"]
[WhiteElo "1892"]
[BlackElo "2260"]
[PlyCount "56"]
[EventDate "2018.10.06"]
[EventType "swiss"]
[EventRounds "9"]
[EventCountry "ESP"]
[SourceTitle "CBM 186 Extra"]
[Source "ChessBase"]
[SourceDate "2018.08.24"]
[SourceVersion "1"]
[SourceVersionDate "2018.08.24"]
[SourceQuality "1"]

1. e4 e6 2. d4 d5 3. exd5 exd5 4. Bd3 Nc6 5. c3 Bd6 6. h3 Nge7 7. Ne2 Ng6 8. 0-0 Be6 9. f4 f5 10. Nd2 0-0 11. Nf3 Qd7 12. Qc2 Rae8 13. Ne5 Ncxe5 14. fxe5 Be7 15. Nf4 Nxf4 16. Bxf4 Rf7 17. Qd2 Qd8 18. Be2 g5 19. Bh2 Ref8 20. Kh1 Rg7 21. Rae1 c6 22. Qd1 Kh8 23. Bh5 g4 24. hxg4 fxg4 25. Rxf8+ Bxf8 26. Rf1 g3 27. Qf3 Qh4 28. Qxf8+ Bg8 0-1

[Event "Calvia Amateur op 15th"]
[Site "Calvia"]
[Date "2018.10.08"]
[Round "3"]
[White "Borovnica, Tihomir"]
[Black "Kozak, Karel"]
[Result "0-1"]
[WhiteElo "2276"]
[BlackElo "1892"]
[PlyCount "70"]
[EventDate "2018.10.06"]
[EventType "swiss"]
[EventRounds "9"]
[EventCountry "ESP"]
[SourceTitle "CBM 186 Extra"]
[Source "ChessBase"]
[SourceDate "2018.08.24"]
[SourceVersion "1"]
[SourceVersionDate "2018.08.24"]
[SourceQuality "1"]

1. Nf3 g6 2. g3 Bg7 3. Bg2 d5 4. 0-0 Bf5 5. d3 c6 6. a4 a5 7. Nbd2 Nf6 8. Qe1 0-0 9. h3 Re8 10. e4 dxe4 11. dxe4 Bd7 12. e5 Nd5 13. c3 Bf5 14. Qe2 Qd7 15. Kh2 Na6 16. Nb3 b6 17. Nfd4 Be6 18. f4 Rec8 19. Rd1 Nc5 20. Nxc5 bxc5 21. Nxe6 Qxe6 22. h4 Rd8 23. Bh3 f5 24. Bg2 Rd7 25. Qf2 c4 26. Qc5 Kf7 27. Bf1 g5 28. Bxc4 gxh4 29. gxh4 Bxe5 30. fxe5 Qxe5+ 31. Kh3 Qe4 32. Bg5 f4 33. Rf1 Qf5+ 34. Kh2 f3 35. Qxc6 Qc2+ 0-1

[Event "Kadan op"]
[Site "Kadan"]
[Date "2014.??.??"]
[Round "4"]
[White "Bechyne, Jaroslav"]
[Black "Kozak, Karel"]
[Result "1/2-1/2"]
[WhiteElo "2083"]
[BlackElo "1887"]
[PlyCount "80"]
[EventDate "2014.08.??"]
[EventType "swiss"]
[EventRounds "9"]
[EventCountry "CZE"]
[SourceTitle "EXT 2016"]
[Source "ChessBase"]
[SourceDate "2015.10.08"]
[SourceVersion "1"]
[SourceVersionDate "2015.10.08"]
[SourceQuality "1"]

1. e4 c5 2. Nf3 d6 3. Bb5+ Nd7 4. d4 cxd4 5. Qxd4 a6 6. Bxd7+ Bxd7 7. 0-0 Qc7 8. Nc3 e6 9. Bg5 f6 10. Be3 Bc6 11. Qc4 Qd7 12. Nd4 d5 13. exd5 exd5 14. Qd3 Ne7 15. Rfe1 g6 16. Bf4 Kf7 17. Ne6 Nf5 18. Nxf8 Rhxf8 19. Rad1 Rad8 20. Qh3 h5 21. Bc1 Rfe8 22. Rxe8 Rxe8 23. Qd3 d4 24. f3 Qe6 25. Nb1 Qxa2 26. Na3 Qe6 27. Bd2 Qe2 28. Qxe2 Rxe2 29. Kf1 Re6 30. Kf2 b5 31. Bb4 Re5 32. Ba5 Rd5 33. Bb6 b4 34. Nc4 Ne3 35. Nxe3 dxe3+ 36. Ke1 Re5 37. Rd6 Bb5 38. Bd4 Re6 39. Rxe6 Kxe6 40. Bxe3 Ke5 1/2-1/2

[Event "Karlovy Vary op"]
[Site "Karlovy Vary"]
[Date "2011.05.01"]
[Round "5"]
[White "Kozak, Karel"]
[Black "Pavlik, Pavel"]
[Result "1-0"]
[WhiteElo "1900"]
[BlackElo "1683"]
[PlyCount "89"]
[EventDate "2011.04.28"]
[EventType "swiss"]
[EventRounds "8"]
[EventCountry "CZE"]
[SourceTitle "CBM 142 Extra"]
[Source "ChessBase"]
[SourceDate "2011.06.27"]
[SourceVersion "1"]
[SourceVersionDate "2011.06.27"]
[SourceQuality "1"]

1. e4 d5 2. exd5 Qxd5 3. Nc3 Qa5 4. d4 c6 5. Nf3 Nf6 6. Be2 Bf5 7. 0-0 e6 8. Re1 Bb4 9. Bd2 h6 10. a3 Bxc3 11. Bxc3 Qc7 12. b3 Nbd7 13. Bb2 0-0 14. Bd3 Bxd3 15. Qxd3 Rad8 16. Qe2 Rfe8 17. c4 Qf4 18. g3 Qc7 19. Rac1 Qb8 20. Qc2 Rc8 21. Re2 b5 22. Rce1 a5 23. Bc3 b4 24. axb4 axb4 25. Bb2 c5 26. Ra1 Qb7 27. Ne5 Ra8 28. Nxd7 Rxa1+ 29. Bxa1 Nxd7 30. Qe4 Qa7 31. Bb2 Nf6 32. Qe5 Nd7 33. Qd6 Rd8 34. Rd2 Rc8 35. Qe7 Qc7 36. d5 exd5 37. Rxd5 Nb6 38. Qe5 Qxe5 39. Rxe5 Nd7 40. Rd5 Nb6 41. Rd6 Na8 42. Bc1 Kf8 43. Be3 Ke7 44. Rd5 Nb6 45. Bxc5+ 1-0

[Event "Karlovy Vary op"]
[Site "Karlovy Vary"]
[Date "2011.04.30"]
[Round "4"]
[White "Quinn, Rory"]
[Black "Kozak, Karel"]
[Result "1-0"]
[WhiteElo "2093"]
[BlackElo "1900"]
[PlyCount "71"]
[EventDate "2011.04.28"]
[EventType "swiss"]
[EventRounds "8"]
[EventCountry "CZE"]
[SourceTitle "CBM 142 Extra"]
[Source "ChessBase"]
[SourceDate "2011.06.27"]
[SourceVersion "1"]
[SourceVersionDate "2011.06.27"]
[SourceQuality "1"]

1. e4 c5 2. Nf3 Nc6 3. d4 cxd4 4. Nxd4 Nf6 5. Nc3 e5 6. Ndb5 d6 7. Bg5 a6 8. Na3 b5 9. Bxf6 gxf6 10. Nd5 Be6 11. Bd3 Rc8 12. 0-0 f5 13. c4 fxe4 14. Bxe4 b4 15. Nc2 a5 16. Qh5 h6 17. f4 exf4 18. Nxf4 Qg5 19. Qe2 Qc5+ 20. Kh1 Ne5 21. Nxe6 fxe6 22. b3 Rc7 23. Rad1 Rg8 24. Nd4 Re7 25. Qh5+ Kd7 26. Nxe6 Rxe6 27. Bf5 Rg5 28. Bxe6+ Kxe6 29. Qh3+ Ke7 30. Rd5 Qc7 31. Qe3 Bg7 32. c5 dxc5 33. Rxc5 Qb7 34. Rf2 Qa8 35. Rc7+ Ke6 36. Qb6+ 1-0

[Event "Jirasek Memorial op-A"]
[Site "Rakovnik"]
[Date "2009.08.08"]
[Round "1"]
[White "Kozak, Karel"]
[Black "Pliva, Vojtech"]
[Result "1/2-1/2"]
[WhiteElo "1908"]
[BlackElo "2064"]
[PlyCount "36"]
[EventDate "2009.08.08"]
[EventType "swiss"]
[EventRounds "9"]
[EventCountry "CZE"]
[SourceTitle "EXT 2010"]
[Source "ChessBase"]
[SourceDate "2010.11.25"]
[SourceVersion "1"]
[SourceVersionDate "2010.11.25"]
[SourceQuality "1"]

1. e4 e5 2. Nf3 Nc6 3. Bb5 a6 4. Ba4 Nf6 5. 0-0 Be7 6. Re1 b5 7. Bb3 d6 8. h3 Na5 9. c3 Nxb3 10. axb3 0-0 11. d4 Bb7 12. d5 c6 13. c4 b4 14. Nbd2 g6 15. Nf1 Ne8 16. Bh6 Ng7 17. Qd2 c5 18. Ng3 Bc8 1/2-1/2